[Event "NRW Class1 0607"]
[Site "Germany"]
[Date "2007.02.25"]
[Round "6.2"]
[White "Kalka, Arkadius Georg"]
[Black "Fuellbeck, Massimo"]
[Result "1-0"]
[WhiteElo "2407"]
[BlackElo "2157"]
[PlyCount "83"]
[EventDate "2006.09.17"]
[EventType "team-tourn"]
[EventRounds "9"]
[EventCountry "GER"]
[SourceTitle "EXT 2008"]
[Source "ChessBase"]
[SourceDate "2007.11.25"]
[SourceVersion "1"]
[SourceVersionDate "2007.11.25"]
[SourceQuality "1"]
[WhiteTeam "Gelsenkirchen"]
[BlackTeam "Solingen III"]
[WhiteTeamCountry "GER"]
[BlackTeamCountry "GER"]

1. e4 e6 2. d4 d5 3. Nc3 dxe4 4. Nxe4 Bd7 5. Bd3 Bc6 6. Nf3 Bxe4 7. Bxe4 c6 8. Qe2 Nf6 9. Bd3 Bd6 10. Bd2 Nbd7 11. c4 0-0 12. 0-0-0 c5 13. Bc3 Qe7 14. h4 Rfc8 15. Kb1 cxd4 16. Nxd4 Bb4 17. Bxb4 Qxb4 18. g4 e5 19. a3 Qc5 20. Nf5 e4 21. Bxe4 Re8 22. Nd6 Nxe4 23. Nxe4 Qc6 24. Rhe1 Nc5 25. f3 Nxe4 26. fxe4 Rad8 27. Rd5 Kf8 28. Qd3 Rc8 29. c5 Rc7 30. g5 Qg6 31. Qf3 Rce7 32. h5 Qe6 33. e5 Qc6 34. Qd3 g6 35. h6 Qc7 36. Qd4 Re6 37. Rd7 Qc6 38. Rd6 Qc7 39. Qd5 b6 40. c6 Rxd6 41. exd6 Rxe1+ 42. Ka2 1-0

[Event "NRW Class1 0607"]
[Site "Germany"]
[Date "2007.01.28"]
[Round "5.3"]
[White "Tereick, Benjamin"]
[Black "Fuellbeck, Massimo"]
[Result "1-0"]
[WhiteElo "2262"]
[BlackElo "2157"]
[PlyCount "81"]
[EventDate "2006.09.17"]
[EventType "team-tourn"]
[EventRounds "9"]
[EventCountry "GER"]
[SourceTitle "EXT 2008"]
[Source "ChessBase"]
[SourceDate "2007.11.25"]
[SourceVersion "1"]
[SourceVersionDate "2007.11.25"]
[SourceQuality "1"]
[WhiteTeam "Muelheim Nord II"]
[BlackTeam "Solingen III"]
[WhiteTeamCountry "GER"]
[BlackTeamCountry "GER"]

1. c4 Nf6 2. Nc3 e5 3. Nf3 Nc6 4. a3 a5 5. e4 Bc5 6. Nxe5 Nxe5 7. d4 Bxd4 8. Qxd4 Nc6 9. Qd1 h6 10. Be2 0-0 11. f4 d6 12. 0-0 Re8 13. Bf3 Bd7 14. b3 a4 15. b4 Qb8 16. Kh1 Qc8 17. Bb2 Ne7 18. Nd5 Nexd5 19. exd5 Qd8 20. Qd3 Qe7 21. Bd4 Ne4 22. g4 Nf6 23. Rg1 Nh7 24. Qc3 f6 25. Rae1 Qf7 26. Be4 g6 27. Qd3 Nf8 28. Qh3 h5 29. f5 g5 30. gxh5 Nh7 31. h6 Re7 32. Bf3 Rxe1 33. Rxe1 Re8 34. Re6 Bxe6 35. dxe6 Qf8 36. Bxb7 c5 37. Bd5 Qe7 38. Bc3 cxb4 39. Bxb4 Rd8 40. Qe3 Rc8 41. Qb6 1-0

[Event "NRW Class1 0506"]
[Site "Germany"]
[Date "2006.03.05"]
[Round "7.5"]
[White "Fuellbeck, Massimo"]
[Black "Freundlieb, Thomas"]
[Result "1-0"]
[WhiteElo "2116"]
[BlackElo "2135"]
[PlyCount "79"]
[EventDate "2005.09.25"]
[EventType "team"]
[EventRounds "9"]
[EventCountry "GER"]
[SourceTitle "EXT 2006"]
[Source "ChessBase"]
[SourceDate "2005.11.24"]
[SourceVersion "1"]
[SourceVersionDate "2005.11.24"]
[SourceQuality "1"]
[WhiteTeam "Solingen III"]
[BlackTeam "Bergneustadt/Derschlag"]
[WhiteTeamCountry "GER"]
[BlackTeamCountry "GER"]

1. Nf3 g6 2. e4 Bg7 3. d3 c6 4. g3 d5 5. Nbd2 Bg4 6. Bg2 e6 7. 0-0 Ne7 8. h3 Bxf3 9. Qxf3 0-0 10. Re1 Nd7 11. Qe2 e5 12. Nf1 d4 13. f4 c5 14. f5 gxf5 15. exf5 Nxf5 16. Qg4 Nd6 17. Bh6 Ne8 18. Bxb7 Rb8 19. Bc6 f5 20. Qg5 Qf6 21. Bxd7 Qxh6 22. Qxh6 Bxh6 23. Rxe5 f4 24. gxf4 Bxf4 25. Rxc5 Ng7 26. Rb5 Rbd8 27. Rd5 Be3+ 28. Nxe3 dxe3 29. Re1 Rf2 30. Rxe3 Rxc2 31. Rg3 Kh8 32. Rg2 Rc7 33. Bc6 Rf8 34. Rd7 Rxc6 35. Rdxg7 a6 36. Rd7 Rcf6 37. Ra7 Rf3 38. Rxa6 Rxd3 39. Kh2 Rdf3 40. a4 1-0

[Event "Solingen op-A"]
[Site "Solingen"]
[Date "2005.05.29"]
[Round "6"]
[White "Dieckmann, Daniel"]
[Black "Fuellbeck, Massimo"]
[Result "1/2-1/2"]
[WhiteElo "1989"]
[BlackElo "2082"]
[PlyCount "43"]
[EventDate "2005.05.26"]
[EventType "swiss"]
[EventRounds "7"]
[EventCountry "GER"]
[SourceTitle "EXT 2006"]
[Source "ChessBase"]
[SourceDate "2005.11.24"]
[SourceVersion "1"]
[SourceVersionDate "2005.11.24"]
[SourceQuality "1"]

1. e4 c5 2. Nc3 g6 3. g3 Bg7 4. Bg2 Nc6 5. d3 Nf6 6. Be3 d6 7. h3 0-0 8. f4 Nd4 9. Nf3 Nxf3+ 10. Qxf3 Rb8 11. 0-0 b5 12. Ne2 Nd7 13. d4 Bb7 14. Qf2 Qc7 15. c3 a5 16. Rac1 Nf6 17. e5 Ne4 18. Qe1 Qb6 19. Kh2 b4 20. cxb4 cxb4 21. Ng1 f5 22. Nf3 1/2-1/2

[Event "Solingen op-A"]
[Site "Solingen"]
[Date "2005.05.28"]
[Round "4"]
[White "Fuellbeck, Massimo"]
[Black "Nilsson, Lars Kjoller"]
[Result "1/2-1/2"]
[WhiteElo "2082"]
[BlackElo "2046"]
[PlyCount "117"]
[EventDate "2005.05.26"]
[EventType "swiss"]
[EventRounds "7"]
[EventCountry "GER"]
[SourceTitle "EXT 2006"]
[Source "ChessBase"]
[SourceDate "2005.11.24"]
[SourceVersion "1"]
[SourceVersionDate "2005.11.24"]
[SourceQuality "1"]

1. d4 Nf6 2. c4 Nc6 3. Nf3 e6 4. Nc3 Bb4 5. Bd2 0-0 6. Qc2 d5 7. e3 Re8 8. Bd3 Bf8 9. 0-0 Nb4 10. Qb1 Nxd3 11. Qxd3 dxc4 12. Qxc4 c6 13. e4 e5 14. dxe5 Ng4 15. Bf4 Be6 16. Qe2 f6 17. exf6 Qxf6 18. Bg3 Bc5 19. h3 Nh6 20. Bh4 Qf4 21. Bg5 Qc7 22. Na4 Bd6 23. e5 Bf8 24. Nc3 Nf7 25. Bf4 Rad8 26. Rad1 b5 27. Qc2 Qb6 28. Ne4 Bd5 29. Neg5 Nxg5 30. Nxg5 g6 31. Ne4 Bg7 32. Nf6+ Bxf6 33. exf6 Re6 34. Qc3 Rde8 35. Rfe1 Kf7 36. Re3 b4 37. Qd2 Kxf6 38. Bg5+ Kf7 39. Rxe6 Rxe6 40. Qf4+ Kg8 41. Bh6 Re8 42. Qd6 Qb8 43. Qd7 Qe5 44. Rd4 Re7 45. Rf4 Bf7 46. Qc8+ Re8 47. Qxc6 Qe1+ 48. Kh2 Qe5 49. Qb7 Bd5 50. Qxb4 Bxa2 51. Qd4 Qxd4 52. Rxd4 Re7 53. g4 Kf7 54. Kg3 Rb7 55. b4 Ke6 56. f4 Bb1 57. Bf8 Rc7 58. Kh4 Rc3 59. Bg7 1/2-1/2

[Event "NRW Class1 0304"]
[Site "Germany"]
[Date "2004.02.29"]
[Round "7.8"]
[White "Fuellbeck, Massimo"]
[Black "Armbruester, Juergen"]
[Result "1-0"]
[WhiteElo "1973"]
[BlackElo "1972"]
[PlyCount "67"]
[EventDate "2003.09.28"]
[EventType "team"]
[EventRounds "9"]
[EventCountry "GER"]
[SourceTitle "CBM 098 Extra"]
[Source "ChessBase"]
[SourceDate "2004.03.10"]
[SourceVersion "2"]
[SourceVersionDate "2004.03.10"]
[SourceQuality "1"]
[WhiteTeam "Solingen III"]
[BlackTeam "Katernberg II"]
[WhiteTeamCountry "GER"]
[BlackTeamCountry "GER"]

1. d4 Nf6 2. c4 g6 3. Nc3 d5 4. Bf4 Bg7 5. e3 c6 6. Nf3 0-0 7. Bd3 Nbd7 8. cxd5 Nxd5 9. Nxd5 cxd5 10. 0-0 Re8 11. Qb3 e5 12. dxe5 Nxe5 13. Nxe5 Bxe5 14. Bb5 Re7 15. Bg5 f6 16. Bh4 Kg7 17. Rfd1 Be6 18. Be2 Bf7 19. f4 Bc7 20. Bxf6+ Kxf6 21. Qc3+ Kf5 22. g4+ Ke6 23. Bb5 Rd7 24. Rac1 Bd6 25. Rxd5 Ke7 26. Qg7 Qg8 27. Re5+ Bxe5 28. Qxe5+ Be6 29. Bxd7 Rd8 30. Bxe6 Qxe6 31. Rc7+ Rd7 32. Rxd7+ Kxd7 33. Qxe6+ Kxe6 34. e4 1-0

[Event "NRW Class1 0304"]
[Site "Germany"]
[Date "2004.02.08"]
[Round "6.8"]
[White "Rosskothen, Arnd"]
[Black "Fuellbeck, Massimo"]
[Result "0-1"]
[WhiteElo "2190"]
[BlackElo "1973"]
[PlyCount "112"]
[EventDate "2003.09.28"]
[EventType "team"]
[EventRounds "9"]
[EventCountry "GER"]
[SourceTitle "CBM 098 Extra"]
[Source "ChessBase"]
[SourceDate "2004.03.10"]
[SourceVersion "2"]
[SourceVersionDate "2004.03.10"]
[SourceQuality "1"]
[WhiteTeam "Koeln Brueck"]
[BlackTeam "Solingen III"]
[WhiteTeamCountry "GER"]
[BlackTeamCountry "GER"]

1. e4 c5 2. Nf3 Nc6 3. Bb5 g6 4. Bxc6 bxc6 5. 0-0 Bg7 6. Re1 Nh6 7. c3 0-0 8. d4 cxd4 9. cxd4 f6 10. Nc3 Nf7 11. h3 d6 12. Be3 Rb8 13. b3 Qa5 14. Rc1 Bd7 15. Nd2 Qa6 16. Nc4 f5 17. a4 Qb7 18. Nd2 e5 19. dxe5 Nxe5 20. Bd4 Nd3 21. Bxg7 Kxg7 22. Nc4 Nxc1 23. Qd4+ Rf6 24. Rxc1 c5 25. Qd2 Bc6 26. Na5 Qd7 27. Nxc6 Qxc6 28. Nd5 fxe4 29. Nxf6 Kxf6 30. Qf4+ Kg7 31. Rd1 Rd8 32. Re1 Re8 33. Qd2 d5 34. Rd1 d4 35. b4 Rd8 36. bxc5 Qxc5 37. Re1 Re8 38. Rc1 Qe5 39. Qb4 a5 40. Qb6 e3 41. Qc7+ Qxc7 42. Rxc7+ Kf6 43. fxe3 Rxe3 44. Rc5 Re5 45. Rc6+ Kf5 46. Rd6 Ke4 47. Kf2 Kd3 48. Rd7 h5 49. g4 hxg4 50. hxg4 g5 51. Rc7 Kd2 52. Rb7 Re4 53. Rb5 Rxg4 54. Rxa5 d3 55. Kf3 Rf4+ 56. Kg3 Ke3 0-1